[Event "Manitoba-ch"]
[Site "Winnipeg CAN"]
[Date "2015.06.06"]
[Round "2"]
[White "Boron, Anthony"]
[Black "Lipnowski, Samuel"]
[Result "0-1"]
[WhiteElo "2021"]
[BlackElo "2238"]
[PlyCount "84"]
[EventDate "2014.03.05"]
[EventType "k.o."]
[EventRounds "4"]
[EventCountry "CAN"]

1. Nf3 Nf6 2. c4 g6 3. b4 Bg7 4. Bb2 O-O 5. g3 d5 6. cxd5 Qxd5 7. Nc3 Qh5 8. h4
c6 9. Bg2 Na6 10. a3 Nc7 11. O-O Rd8 12. Qc2 Bf5 13. d3 a5 14. Rfe1 Bd7 15. Na4
axb4 16. axb4 Qb5 17. Be5 Ncd5 18. Qb3 Qxb4 19. Reb1 Qxb3 20. Rxb3 b5 21. Nc5
Rxa1+ 22. Bxa1 Ra8 23. Bxf6 Nxf6 24. Ne5 Ra1+ 25. Kh2 Ng4+ 26. Nxg4 Bxg4 27. e3
Bd1 28. Rb4 Bc3 29. Rf4 f5 30. d4 e5 31. dxe5 Bxe5 32. Rb4 Bd6 33. Bxc6 Bxc5
34. Rxb5 Rc1 35. Rb7 h6 36. Bd5+ Kh8 37. Kg2 Bc2 38. Kf3 Rd1 39. Rb8+ Kg7 40.
Ba8 Rd7 41. Rc8 Bd1+ 42. Kf4 Bd6# 0-1

[Event "Manitoba-ch"]
[Site "Winnipeg CAN"]
[Date "2014.07.12"]
[Round "2"]
[White "Iyer, Chandrashekhar"]
[Black "Babb, Jeff"]
[Result "0-1"]
[WhiteElo "2096"]
[BlackElo "2160"]
[PlyCount "91"]
[EventDate "2014.03.05"]
[EventType "k.o."]
[EventRounds "4"]
[EventCountry "CAN"]

1. e4 e5 2. Bc4 Nf6 3. Nc3 Nc6 4. d3 Na5 5. Bg5 Nxc4 6. dxc4 Bb4 7. Nge2 h6 8.
Bh4 d6 9. a3 Bxc3+ 10. Nxc3 Be6 11. Qe2 g5 12. Bg3 Qe7 13. O-O-O O-O-O 14. f3
Nh5 15. Qe3 b6 16. Nd5 Bxd5 17. cxd5 Qd7 18. Bf2 Nf4 19. g3 Ng6 20. Qd3 Kb8 21.
Qa6 Qc8 22. Qb5 Qd7 23. Qa6 Ne7 24. Rhe1 Qc8 25. Qb5 Kb7 26. Rd3 Qd7 27. Qc4
Rdf8 28. a4 a5 29. g4 Ra8 30. Rb3 f6 31. Rb5 Ra6 32. Kb1 h5 33. h3 hxg4 34.
hxg4 Rh3 35. Re3 Rh2 36. Qf1 Qe8 37. Bg3 Rh7 38. Rc3 Nc8 39. Qc4 Na7 40. Rbb3
Qd8 41. Re3 Rh1+ 42. Re1 Rh3 43. Bf2 Nc8 44. Ra3 Ne7 45. b4 axb4 46. Qxb4 0-1

[Event "Manitoba-ch"]
[Site "Winnipeg CAN"]
[Date "2014.07.12"]
[Round "2"]
[White "Li, Kevin"]
[Black "Wasserman, Leor"]
[Result "1-0"]
[WhiteElo "2285"]
[BlackElo "2020"]
[PlyCount "65"]
[EventDate "2014.03.05"]
[EventType "k.o."]
[EventRounds "4"]
[EventCountry "CAN"]

1. e4 e5 2. Nf3 Nc6 3. Bb5 a6 4. Ba4 Nf6 5. O-O Nxe4 6. d4 exd4 7. Re1 d5 8.
Nxd4 Bd6 9. Nxc6 Bxh2+ 10. Kh1 Qh4 11. Rxe4+ dxe4 12. Qd8+ Qxd8 13. Nxd8+ Kxd8
14. Kxh2 Be6 15. Be3 b5 16. Bb3 Bxb3 17. axb3 Ke7 18. Nc3 f5 19. Nd5+ Kd7 20.
Rd1 Rhd8 21. Bg5 Rdb8 22. Nb6+ Kc6 23. Nxa8 Rxa8 24. Rd8 Ra7 25. Be3 Rb7 26.
Rh8 h6 27. Rh7 Kd5 28. Rxg7 Ke5 29. g3 Kf6 30. Rh7 Rb8 31. Rxh6+ Kg7 32. Rxa6
Rd8 33. Rc6 1-0

[Event "Manitoba-ch"]
[Site "Winnipeg CAN"]
[Date "2014.07.12"]
[Round "2"]
[White "Lipnowski, Samuel"]
[Black "Boron, Anthony"]
[Result "1/2-1/2"]
[WhiteElo "2238"]
[BlackElo "2021"]
[PlyCount "92"]
[EventDate "2014.03.05"]
[EventType "k.o."]
[EventRounds "4"]
[EventCountry "CAN"]

1. c4 b6 2. e4 Bb7 3. Nc3 e6 4. d4 Bb4 5. f3 Ne7 6. a3 Bxc3+ 7. bxc3 f5 8. e5
O-O 9. Bg5 h6 10. Bh4 Qe8 11. Bd3 Nbc6 12. Ne2 Na5 13. Rb1 Rc8 14. c5 g5 15.
Bf2 Bd5 16. Qa4 Ng6 17. O-O Qe7 18. cxb6 cxb6 19. Qb4 Qg7 20. Bb5 h5 21. Qd6
Nc4 22. Bxc4 Bxc4 23. Rfe1 Bxe2 24. Rxe2 Rxc3 25. a4 Rfc8 26. a5 Qe7 27. Qxe7
Nxe7 28. axb6 Rc1+ 29. Re1 Rxe1+ 30. Bxe1 axb6 31. Rxb6 Rc1 32. Kf2 Rc2+ 33.
Kf1 Nd5 34. Rb3 f4 35. Bf2 Kf7 36. Rb1 Nc3 37. Ra1 Nd5 38. Re1 Nb4 39. Re2 Rc1+
40. Re1 Rc4 41. Re2 Nd3 42. Rd2 Nb4 43. h3 Nd5 44. Ke2 Rc3 45. Rb2 Ra3 46. Kd2
h4 1/2-1/2

[Event "Manitoba-ch"]
[Site "Winnipeg CAN"]
[Date "2014.07.08"]
[Round "2"]
[White "Melamedoff, Gustavo"]
[Black "Dawa, Arvin"]
[Result "1-0"]
[WhiteElo "2098"]
[BlackElo "2139"]
[PlyCount "54"]
[EventDate "2014.03.05"]
[EventType "k.o."]
[EventRounds "4"]
[EventCountry "CAN"]

1. e4 c6 2. d4 d5 3. Nd2 dxe4 4. Nxe4 Nd7 5. Nf3 Ngf6 6. Ng3 e6 7. Bd3 Bd6 8.
O-O O-O 9. Re1 c5 10. Bg5 h6 11. Ne4 Be7 12. Bxf6 Bxf6 13. Qe2 cxd4 14. Rad1
Re8 15. Nd6 Re7 16. Qe4 Nf8 17. Nc4 Rb8 18. Nce5 Qd5 19. Qf4 Bxe5 20. Nxe5 Qd6
21. Re4 Qc7 22. Rxd4 Ra8 23. Qg3 b5 24. Nc6 Rd7 25. Rxd7 Qxg3 26. Rd8 Qc7 27.
Be4 Bb7 1-0

[Event "Manitoba-ch"]
[Site "Winnipeg CAN"]
[Date "2015.06.06"]
[Round "2"]
[White "Wasserman, Leor"]
[Black "Li, Kevin"]
[Result "1-0"]
[WhiteElo "2020"]
[BlackElo "2285"]
[PlyCount "107"]
[EventDate "2014.03.05"]
[EventType "k.o."]
[EventRounds "4"]
[EventCountry "CAN"]

1. e4 c5 2. Nf3 d6 3. d4 cxd4 4. Nxd4 Nf6 5. Nc3 Nc6 6. Be2 e6 7. O-O Be7 8.
Kh1 O-O 9. f4 Qc7 10. Nb3 a6 11. Bf3 Nd7 12. Be3 b6 13. Qe1 Bb7 14. Bg1 Rfe8
15. Rd1 Rac8 16. a4 Bf8 17. Qg3 Kh8 18. Bh5 Nf6 19. Be2 Nb4 20. Bd3 Nxd3 21.
cxd3 Bc6 22. Rc1 Qb8 23. Nd4 Ba8 24. Nf3 b5 25. axb5 axb5 26. Ng5 Kg8 27. Bd4
Nd7 28. Ra1 b4 29. Ne2 f6 30. Nf3 Rc2 31. Ba7 Qb7 32. Ned4 Rxb2 33. f5 e5 34.
Ne6 d5 35. exd5 Rc8 36. Be3 Rcc2 37. Ne1 Re2 38. Bh6 Qxd5 39. Rxa8 g6 40. Rxf8+
Nxf8 41. Nxf8 g5 42. Ne6 Kf7 43. Qh3 Ke7 44. Bf8+ Kd7 45. Qxh7+ Kc6 46. Qc7+
Kb5 47. Qb8+ Ka4 48. Qa7+ Kb3 49. Nc5+ Kc3 50. Na4+ Kb3 51. Nxb2 Rxb2 52. Qc5
Qb7 53. Qc4+ Ka4 54. Nc2 1-0

[Event "Manitoba-ch"]
[Site "Winnipeg CAN"]
[Date "2014.09.10"]
[Round "3"]
[White "Dawa, Arvin"]
[Black "Li, Kevin"]
[Result "1/2-1/2"]
[WhiteElo "2139"]
[BlackElo "2285"]
[PlyCount "81"]
[EventDate "2014.03.05"]
[EventType "k.o."]
[EventRounds "4"]
[EventCountry "CAN"]

1. d4 Nf6 2. Nf3 d6 3. c4 g6 4. Nc3 Bg7 5. e4 O-O 6. Be2 e5 7. O-O exd4 8. Nxd4
Re8 9. Bf3 Nbd7 10. Bf4 a5 11. Qd2 Nc5 12. Bg5 c6 13. Rad1 Qb6 14. Rfe1 Nfd7
15. Be3 a4 16. h3 Qa5 17. Qc2 Bf8 18. Be2 Nf6 19. Bf3 Qb4 20. Bg5 Nfd7 21. a3
Qa5 22. Bf4 Qd8 23. Bg4 Ne5 24. Be2 Qf6 25. Qd2 Qg7 26. Be3 Ned7 27. Bd3 Ne5
28. Bf1 Ned7 29. Bg5 Nf6 30. Bd3 h6 31. Bf4 g5 32. Bh2 g4 33. h4 Nh5 34. Bb1
Qf6 35. Bg3 Nxg3 36. fxg3 Re5 37. Rf1 Qe7 38. Qf4 h5 39. Nf5 Bxf5 40. exf5 f6
41. Kh2 1/2-1/2

[Event "Manitoba-ch"]
[Site "Winnipeg CAN"]
[Date "2015.09.02"]
[Round "3"]
[White "Li, Kevin"]
[Black "Dawa, Arvin"]
[Result "1-0"]
[WhiteElo "2285"]
[BlackElo "2139"]
[PlyCount "67"]
[EventDate "2014.03.05"]
[EventType "k.o."]
[EventRounds "4"]
[EventCountry "CAN"]

1. c4 Nf6 2. Nf3 g6 3. g3 Bg7 4. Bg2 O-O 5. d4 d6 6. O-O c6 7. Nc3 Nbd7 8. h3
Qc7 9. Qc2 e5 10. Rd1 Re8 11. Be3 e4 12. Nd2 d5 13. Bf4 Qa5 14. Nb3 Qd8 15.
cxd5 cxd5 16. Nb5 Re7 17. Nc7 Rb8 18. Nb5 Ra8 19. Bc7 Qe8 20. Bd6 Re6 21. Nc7
Qd8 22. Nxe6 fxe6 23. Rac1 Ne8 24. Bc7 Qf6 25. Bf4 g5 26. Be3 b6 27. Qc6 Rb8
28. f4 exf3 29. Bxf3 Qe7 30. Bg4 Nf8 31. Bxg5 Qf7 32. Rf1 Qg6 33. Bf4 Bd7 34.
Qc2 1-0

[Event "Manitoba-ch"]
[Site "Winnipeg CAN"]
[Date "2014.09.07"]
[Round "3.4"]
[White "Iyer, Chandrashekhar"]
[Black "Lipnowski, Samuel"]
[Result "1-0"]
[WhiteElo "2096"]
[BlackElo "2238"]
[PlyCount "35"]
[EventDate "2014.03.05"]
[EventType "k.o."]
[EventRounds "4"]
[EventCountry "CAN"]

1. e4 c5 2. Nf3 d6 3. c3 e6 4. d4 d5 5. e5 Nc6 6. Bd3 Qb6 7. O-O cxd4 8. cxd4
Bd7 9. Nc3 Nxd4 10. Nxd4 Qxd4 11. Nb5 Qxe5 12. f4 Qb8 13. f5 e5 14. Re1 a6 15.
Bf4 axb5 16. Bxe5 Qc8 17. Bxg7+ Be7 18. f6 1-0

[Event "Manitoba-ch"]
[Site "Winnipeg CAN"]
[Date "2014.11.15"]
[Round "4.4"]
[White "Iyer, Chandrashekhar"]
[Black "Li, Kevin"]
[Result "1/2-1/2"]
[WhiteElo "2096"]
[BlackElo "2283"]
[PlyCount "58"]
[EventDate "2014.03.05"]
[EventType "k.o."]
[EventRounds "4"]
[EventCountry "CAN"]

1. e4 c5 2. Nf3 d6 3. e5 d5 4. c3 Nc6 5. d4 Bg4 6. Nbd2 e6 7. Bb5 Qa5 8. Qa4
Qxa4 9. Bxa4 a6 10. dxc5 Bxc5 11. Nb3 Bb6 12. Nbd4 Nge7 13. Be3 Bxf3 14. Nxf3
Bxe3 15. Bxc6+ Nxc6 16. fxe3 Rc8 17. O-O-O Ke7 18. Rhe1 Rhd8 19. Kb1 h6 20. e4
dxe4 21. Rxd8 Rxd8 22. Rxe4 Rd5 23. Kc2 Ra5 24. a3 g5 25. h3 f5 26. exf6+ Kxf6
27. g4 Rd5 28. c4 Rd8 29. b4 Rc8 1/2-1/2

[Event "Manitoba-ch"]
[Site "Winnipeg CAN"]
[Date "2014.11.15"]
[Round "4.4"]
[White "Li, Kevin"]
[Black "Iyer, Chandrashekhar"]
[Result "1-0"]
[WhiteElo "2283"]
[BlackElo "2096"]
[PlyCount "75"]
[EventDate "2014.03.05"]
[EventType "k.o."]
[EventRounds "4"]
[EventCountry "CAN"]

1. d4 d5 2. Nf3 Nf6 3. c4 e6 4. Nc3 Nbd7 5. Bg5 Be7 6. e3 O-O 7. Rc1 c5 8. cxd5
cxd4 9. Nxd4 Nxd5 10. Bxe7 Nxe7 11. Bd3 Nf6 12. O-O e5 13. Ndb5 Be6 14. Bb1 Qb6
15. Qd6 Nc6 16. Qc7 Qa6 17. Nd6 Rab8 18. Rfd1 Rfd8 19. Bd3 Qa5 20. Qxa5 Nxa5
21. Be2 a6 22. b4 Nc6 23. a3 Bb3 24. Rd2 Ne7 25. Nde4 Rxd2 26. Nxd2 Be6 27.
Nce4 Nxe4 28. Nxe4 Rc8 29. Rc5 f6 30. f3 Rxc5 31. Nxc5 Bd5 32. e4 Bc6 33. Bc4+
Kh8 34. Be6 g6 35. Bd7 a5 36. bxa5 Bxd7 37. Nxd7 Kg7 38. Nc5 1-0

[Event "March TNT"]
[Site "Winnipeg CAN"]
[Date "2014.03.04"]
[Round "1.4"]
[White "Atem, James"]
[Black "Lipnowski, Samuel"]
[Result "1-0"]
[WhiteElo "1863"]
[BlackElo "2233"]
[PlyCount "96"]
[EventDate "2014.03.04"]
[EventType "swiss"]
[EventRounds "4"]
[EventCountry "CAN"]

1. e4 e5 2. Nf3 Nc6 3. d3 Nf6 4. a3 d5 5. exd5 Nxd5 6. Be2 Be7 7. c4 Nf4 8. O-O
Nxe2+ 9. Qxe2 Bg4 10. Be3 Bxf3 11. gxf3 Qd7 12. Nc3 O-O-O 13. Nd5 Rhe8 14. b4
Bf8 15. Rfd1 Nd4 16. Bxd4 exd4 17. Qf1 Qf5 18. b5 Re6 19. f4 c6 20. bxc6 bxc6
21. Nb4 Qxf4 22. Qh3 f5 23. Kf1 Qg4 24. Qxg4 fxg4 25. Re1 Rh6 26. Kg2 Bd6 27.
Nxc6 Rxh2+ 28. Kg1 Rf8 29. c5 Bc7 30. Nxa7+ Kb7 31. Nb5 Rfxf2 32. Nxc7 Kxc7 33.
Re7+ Kc6 34. Rxg7 Rfg2+ 35. Kf1 Rg3 36. Rf7 Rxd3 37. Rf6+ Kxc5 38. Rc1+ Rc3 39.
Rxc3+ dxc3 40. Rf8 c2 41. Rc8+ Kd4 42. Kg1 Rd2 43. a4 Rd1+ 44. Kf2 c1=Q 45.
Rxc1 Rxc1 46. a5 Ra1 47. Kg3 h5 48. a6 Rxa6 1-0

[Event "March TNT"]
[Site "Winnipeg CAN"]
[Date "2014.03.04"]
[Round "1.4"]
[White "Baron, Gustav"]
[Black "Huston-Earle, Joshua"]
[Result "1-0"]
[WhiteElo "1884"]
[BlackElo "1353"]
[PlyCount "47"]
[EventDate "2014.03.04"]
[EventType "swiss"]
[EventRounds "4"]
[EventCountry "CAN"]

1. d4 Nf6 2. c4 g6 3. Nc3 Bg7 4. e4 O-O 5. f3 d6 6. Bg5 Nc6 7. Nge2 e5 8. d5
Ne7 9. Qd2 Qd7 10. g4 b6 11. h4 Ba6 12. Ng3 c6 13. O-O-O Rab8 14. h5 b5 15.
cxb5 cxb5 16. hxg6 Nxg6 17. Nf5 Rfc8 18. Nxg7 Kxg7 19. Qh2 b4 20. Qh6+ Kg8 21.
Bxf6 Rxc3+ 22. Kb1 Bd3+ 23. Bxd3 Rc1+ 24. Rxc1 1-0

[Event "March TNT"]
[Site "Winnipeg CAN"]
[Date "2014.03.04"]
[Round "1.4"]
[White "Boron, Anthony"]
[Black "Reimer, Bruce"]
[Result "1-0"]
[WhiteElo "2014"]
[BlackElo "1615"]
[PlyCount "53"]
[EventDate "2014.03.04"]
[EventType "swiss"]
[EventRounds "4"]
[EventCountry "CAN"]

1. e4 g6 2. d4 Bg7 3. Nf3 d6 4. Nc3 a6 5. Be3 b5 6. a3 Nd7 7. Qd2 Bb7 8. Bd3
Ngf6 9. Bh6 O-O 10. Bxg7 Kxg7 11. O-O e5 12. dxe5 Nxe5 13. Nxe5 dxe5 14. Rad1
c5 15. Qg5 h6 16. Qxe5 Qb6 17. Nd5 Bxd5 18. exd5 Rfe8 19. Qg3 c4 20. Bf5 Rad8
21. d6 Kh7 22. d7 Re7 23. Rd6 Qa7 24. Rxf6 gxf5 25. Qf4 Rexd7 26. Rxh6+ Kg8 27.
Qg5+ 1-0

[Event "March TNT"]
[Site "Winnipeg CAN"]
[Date "2014.03.04"]
[Round "1.4"]
[White "Evans, Jason"]
[Black "Clark, Jeff"]
[Result "0-1"]
[WhiteElo "1514"]
[BlackElo "1964"]
[PlyCount "56"]
[EventDate "2014.03.04"]
[EventType "swiss"]
[EventRounds "4"]
[EventCountry "CAN"]

1. e4 c5 2. Nc3 Nc6 3. Bc4 e6 4. d3 a6 5. Be3 Nf6 6. Qe2 Be7 7. f4 d5 8. Bb3 d4
9. Bxd4 Nxd4 10. Qd2 O-O 11. e5 Nxb3 12. cxb3 Nd5 13. O-O-O Nxc3 14. Qxc3 Qd4
15. Qd2 b5 16. Nf3 Qb4 17. Qe3 Bb7 18. Kb1 a5 19. d4 c4 20. bxc4 bxc4 21. Rc1
Bd5 22. Rc3 Rab8 23. Qd2 Qa4 24. Ka1 Bb4 25. Qc2 Bxc3 26. Qxa4 Bxb2+ 27. Kb1
Be4+ 28. Qc2 Ba3+ 0-1

[Event "March TNT"]
[Site "Winnipeg CAN"]
[Date "2014.03.04"]
[Round "1.4"]
[White "Magyar, Peter"]
[Black "Czypinski, Jaroslaw"]
[Result "0-1"]
[WhiteElo "1556"]
[BlackElo "1991"]
[PlyCount "86"]
[EventDate "2014.03.04"]
[EventType "swiss"]
[EventRounds "4"]
[EventCountry "CAN"]

1. e3 d5 2. c4 Nf6 3. Nf3 Bg4 4. Nc3 e6 5. Be2 c6 6. Ne5 Bxe2 7. Nxe2 Nbd7 8.
f4 Bd6 9. d4 Ne4 10. O-O Ndf6 11. c5 Bc7 12. a3 O-O 13. b3 Nd7 14. Qe1 Ndf6 15.
Kh1 Rb8 16. Ng1 Nd7 17. Ngf3 Ba5 18. b4 Bc7 19. Nd2 Nxd2 20. Bxd2 Nf6 21. Rf3
Ne4 22. Qe2 Qe7 23. Be1 Qd8 24. Rc1 a6 25. Rh3 Bxe5 26. fxe5 Qg5 27. Bh4 Qg6
28. Rf1 Ra8 29. a4 Nc3 30. Qf3 Ne4 31. Be1 Ng5 32. Qg3 Nxh3 33. Qxh3 Qb1 34.
Qg3 Qg6 35. Qh3 Qd3 36. Qf3 Qc4 37. Bh4 Rae8 38. h3 Qd3 39. Bf6 gxf6 40. exf6
Kh8 41. Qf4 Qf5 42. g4 Qxf4 43. Rxf4 e5 0-1

[Event "March TNT"]
[Site "Winnipeg CAN"]
[Date "2014.03.04"]
[Round "1.4"]
[White "Melamedoff, Gustavo"]
[Black "Czarny, Keith"]
[Result "1-0"]
[WhiteElo "2080"]
[BlackElo "1773"]
[PlyCount "113"]
[EventDate "2014.03.04"]
[EventType "swiss"]
[EventRounds "4"]
[EventCountry "CAN"]

1. Nf3 c5 2. c4 Nc6 3. g3 g6 4. Bg2 Bg7 5. O-O Nf6 6. d4 O-O 7. d5 Nb4 8. a3
Na6 9. Nc3 d6 10. e4 Nc7 11. Bf4 Nh5 12. Bg5 h6 13. Be3 f5 14. exf5 Qe8 15.
fxg6 Qxg6 16. Nh4 Qf7 17. Qd3 Nf6 18. Ne4 Nd7 19. f4 Bf6 20. Nxf6+ Nxf6 21. f5
Ng4 22. h3 Nxe3 23. Qxe3 Qg7 24. Rf4 h5 25. Re1 Rf7 26. Re2 Bd7 27. g4 Qg5 28.
Nf3 Qg7 29. Re4 Re8 30. Nh4 b5 31. b3 bxc4 32. bxc4 Rb8 33. Ng6 Rb1+ 34. Kh2
hxg4 35. hxg4 Nxd5 36. cxd5 Bb5 37. Re1 Qh7+ 38. Qh3 Rb3 39. R1e3 Qxh3+ 40.
Rxh3 Rxh3+ 41. Kxh3 Bd3 42. Re3 c4 43. Be4 Bf1+ 44. Kg3 Rh7 45. Kf4 Rh3 46.
Rxh3 Bxh3 47. Kg3 Bf1 48. Nxe7+ Kf7 49. Nc8 Kf6 50. Kf4 c3 51. g5+ Kf7 52. f6
Bg2 53. Nxd6+ Kf8 54. Bc2 Bxd5 55. Ke5 Bg8 56. g6 Bh7 57. gxh7 1-0

[Event "March TNT"]
[Site "Winnipeg CAN"]
[Date "2014.03.04"]
[Round "1.4"]
[White "Raihman, Igal"]
[Black "Leaden, Bruce"]
[Result "0-1"]
[WhiteElo "1978"]
[BlackElo "1554"]
[PlyCount "54"]
[EventDate "2014.03.04"]
[EventType "swiss"]
[EventRounds "4"]
[EventCountry "CAN"]

1. e4 e6 2. d4 d5 3. exd5 exd5 4. Nf3 Nf6 5. Be2 Bb4+ 6. Bd2 Bxd2+ 7. Nbxd2 O-O
8. O-O Be6 9. Bd3 Nbd7 10. Re1 c5 11. c4 Qb6 12. cxd5 Bxd5 13. b3 Rfe8 14.
Rxe8+ Rxe8 15. Nc4 Qc6 16. dxc5 Bxf3 17. gxf3 Nxc5 18. Bf1 Nh5 19. Rc1 Qg6+ 20.
Kh1 Nf4 21. Nd6 Ncd3 22. Ne4 f5 23. Qd2 fxe4 24. Rc4 exf3 25. Rxf4 Nxf4 26.
Qxf4 Qe4 {Qg2+ is mate in 3} 27. Bc4+ Qxc4 {
Both players missed that 28.Qxc4 would be check, and White resigned,} 0-1

[Event "March TNT"]
[Site "Winnipeg CAN"]
[Date "2014.03.04"]
[Round "1.4"]
[White "Remillard, John"]
[Black "Kernetsky, Myron"]
[Result "0-1"]
[WhiteElo "1744"]
[BlackElo "2039"]
[PlyCount "94"]
[EventDate "2014.03.04"]
[EventType "swiss"]
[EventRounds "4"]
[EventCountry "CAN"]

1. Nf3 d6 2. e4 g6 3. Bc4 Bg7 4. d4 e6 5. O-O Ne7 6. Bg5 h6 7. Be3 a6 8. Bb3
Nd7 9. c3 b6 10. d5 e5 11. Qd2 f5 12. exf5 Nxf5 13. Bc2 Nf6 14. h3 Kf8 15. g4
Ne7 16. Nh4 g5 17. Ng6+ Nxg6 18. Bxg6 Bd7 19. Na3 Kg8 20. Rad1 Nh7 21. b4 Nf8
22. Be4 Qe8 23. f3 Ng6 24. Qd3 Nf4 25. Bxf4 gxf4 26. Rd2 Qe7 27. Rff2 Bf6 28.
Rg2 Kg7 29. Bf5 Be8 30. c4 Bh4 31. c5 dxc5 32. bxc5 Qxc5+ 33. Kf1 Be7 34. Rc2
Qxa3 35. Qxa3 Bxa3 36. Rxc7+ Kf6 37. Rgc2 Bb5+ 38. Kg2 Bc5 39. h4 Rae8 40. Rd2
Bd6 41. Rb7 Rb8 42. Rxb8 Rxb8 43. Rc2 Bc5 44. Be4 Rd8 45. Kh2 Rd7 46. Rg2 Rg7
47. Bc2 Bc4 0-1

[Event "March TNT"]
[Site "Winnipeg CAN"]
[Date "2014.03.04"]
[Round "1.4"]
[White "Roy, Rayan"]
[Black "De Groot, Steven"]
[Result "0-1"]
[WhiteElo "1436"]
[BlackElo "1910"]
[PlyCount "86"]
[EventDate "2014.03.04"]
[EventType "swiss"]
[EventRounds "4"]
[EventCountry "CAN"]

1. e4 c5 2. Nf3 d6 3. d4 cxd4 4. Nxd4 Nf6 5. Nc3 a6 6. Bc4 e6 7. Bg5 Be7 8. O-O
Nxe4 9. Nxe4 Bxg5 10. Nxg5 Qxg5 11. Nf3 Qe7 12. Re1 Nc6 13. Qd2 O-O 14. b4 d5
15. Bxd5 Qxb4 16. Qxb4 Nxb4 17. Be4 Nd5 18. h3 Nc3 19. Bd3 b5 20. Ng5 g6 21.
Ne4 Nxe4 22. Bxe4 Rb8 23. Bd3 Rd8 24. Red1 Kf8 25. Be4 Rxd1+ 26. Rxd1 Ke7 27.
Bc6 Rb6 28. Be4 Rd6 29. Rxd6 Kxd6 30. Kf1 Kc5 31. Ke2 f5 32. Bd3 e5 33. Kd2 e4
34. Be2 Be6 35. a3 Bc4 36. Bd1 Bf1 37. g4 Bxh3 38. gxf5 gxf5 39. f3 Bg2 40. f4
Bf3 41. Bxf3 exf3 42. Ke3 f2 43. Kxf2 Kd4 0-1

[Event "March TNT"]
[Site "Winnipeg CAN"]
[Date "2014.03.04"]
[Round "1.4"]
[White "Wolchock, Theo"]
[Black "Trueman, Francis"]
[Result "1-0"]
[WhiteElo "1947"]
[BlackElo "1508"]
[PlyCount "61"]
[EventDate "2014.03.04"]
[EventType "swiss"]
[EventRounds "4"]
[EventCountry "CAN"]

1. c4 c5 2. g3 Nc6 3. Bg2 e6 4. Nc3 Nf6 5. e3 d5 6. cxd5 exd5 7. d4 Bf5 8. a3
c4 9. Nge2 Na5 10. Nf4 Nb3 11. Ra2 Ne4 12. O-O Nxc3 13. bxc3 Bb1 14. Rb2 Bf5
15. Bxd5 Qc7 16. Ra2 Bb1 17. Rb2 Bf5 18. Bd2 Bd6 19. Qe2 Nxd2 20. Qxd2 Rb8 21.
Qe2 g5 22. Qh5 gxf4 23. Qxf5 Bxa3 24. Qe4+ Kd8 25. Rxb7 Rxb7 26. Bxb7 Re8 27.
Qd5+ Bd6 28. exf4 Re7 29. Rb1 Re2 30. Ba6 Rc2 31. Qa8+ 1-0

[Event "March TNT"]
[Site "Winnipeg CAN"]
[Date "2014.03.11"]
[Round "2.4"]
[White "Clark, Jeff"]
[Black "Boron, Anthony"]
[Result "1-0"]
[WhiteElo "1964"]
[BlackElo "2014"]
[PlyCount "77"]
[EventDate "2014.03.04"]
[EventType "swiss"]
[EventRounds "4"]
[EventCountry "CAN"]

1. d4 Nf6 2. Nf3 d5 3. c4 c6 4. e3 a6 5. b3 e6 6. Bd3 Bd6 7. O-O Nbd7 8. Bb2
O-O 9. Nbd2 Re8 10. Ne5 Nf8 11. e4 dxe4 12. Nxe4 Bxe5 13. dxe5 Nxe4 14. Bxe4
Qxd1 15. Raxd1 Bd7 16. Rd6 Rec8 17. Rfd1 Be8 18. f4 Rc7 19. Ba3 Ng6 20. Rd8
Rcc8 21. Rxc8 Rxc8 22. g3 Nf8 23. Kf2 b5 24. Rc1 Bd7 25. Bd6 h6 26. Ke3 Nh7 27.
Kd4 f5 28. Bh1 g5 29. cxb5 axb5 30. Kc5 gxf4 31. gxf4 Nf8 32. Bxf8 Kxf8 33. Kd6
Rd8 34. Rg1 Be8+ 35. Kxe6 Rd2 36. Ra1 Bd7+ 37. Kf6 Re2 38. a4 b4 39. a5 1-0

[Event "March TNT"]
[Site "Winnipeg CAN"]
[Date "2014.03.11"]
[Round "2.4"]
[White "Czypinski, Jaroslaw"]
[Black "Melamedoff, Gustavo"]
[Result "0-1"]
[WhiteElo "1991"]
[BlackElo "2080"]
[PlyCount "82"]
[EventDate "2014.03.04"]
[EventType "swiss"]
[EventRounds "4"]
[EventCountry "CAN"]

1. e4 c5 2. c3 e6 3. Nf3 Nf6 4. e5 Nd5 5. Bc4 Nc6 6. O-O d6 7. d4 Nb6 8. Bb5
Bd7 9. exd6 cxd4 10. Bf4 Nd5 11. Bg3 h5 12. h4 f5 13. Bxc6 Bxc6 14. Nxd4 f4 15.
Nxe6 Qxd6 16. Re1 Kd7 17. Bh2 Re8 18. Nxf8+ Rhxf8 19. Rxe8 Rxe8 20. c4 Nb4 21.
Qxd6+ Kxd6 22. Bxf4+ Kc5 23. Nd2 Nd3 24. Be3+ Kb4 25. a3+ Ka4 26. b3+ Ka5 27.
Kf1 b5 28. b4+ Ka4 29. c5 Nb2 30. Ra2 Nc4 31. Nxc4 bxc4 32. Ra1 c3 33. Ke1 Bxg2
34. Kd1 Kb3 35. Kc1 Rd8 36. Rb1+ Kc4 37. Kc2 Be4+ 38. Kc1 Bxb1 39. Kxb1 Kb3 40.
c6 Rd1+ 41. Bc1 c2+ 0-1

[Event "March TNT"]
[Site "Winnipeg CAN"]
[Date "2014.03.11"]
[Round "2.4"]
[White "Evans, Jason"]
[Black "Atem, James"]
[Result "0-1"]
[WhiteElo "1514"]
[BlackElo "1863"]
[PlyCount "64"]
[EventDate "2014.03.04"]
[EventType "swiss"]
[EventRounds "4"]
[EventCountry "CAN"]

1. e4 d6 2. Nf3 e5 3. d3 Be7 4. Be2 Nc6 5. c3 f5 6. Nbd2 Nf6 7. a3 f4 8. b4 Bd7
9. Bb2 a6 10. c4 O-O 11. Qb3 Qc8 12. d4 exd4 13. Nxd4 Nxd4 14. Bxd4 Ng4 15. O-O
Bf6 16. Nf3 c5 17. Bc3 cxb4 18. axb4 Re8 19. Bd3 b5 20. Bxf6 Nxf6 21. Rac1 Qb7
22. cxb5+ Be6 23. Bc4 Qxe4 24. Ng5 Bxc4 25. Rxc4 Qd5 26. Nf3 axb5 27. Rc3 Qxb3
28. Rxb3 Re4 29. Rd1 h6 30. h3 d5 31. Kf1 Ra4 32. Rd4 Ra1+ 0-1

[Event "March TNT"]
[Site "Winnipeg CAN"]
[Date "2014.03.11"]
[Round "2.4"]
[White "Huston-Earle, Joshua"]
[Black "Magyar, Peter"]
[Result "0-1"]
[WhiteElo "1353"]
[BlackElo "1556"]
[PlyCount "150"]
[EventDate "2014.03.04"]
[EventType "swiss"]
[EventRounds "4"]
[EventCountry "CAN"]

1. e4 e6 2. d4 d5 3. e5 c5 4. Nf3 Nc6 5. Bb5 Bd7 6. c3 Qb6 7. Bxc6 Bxc6 8. O-O
Ne7 9. Nbd2 Nf5 10. Nb3 Ba4 11. Be3 c4 12. Nfd2 cxb3 13. g4 Bb5 14. c4 Nxe3 15.
fxe3 dxc4 16. a4 c3 17. bxc3 Bxf1 18. Qxf1 Be7 19. Rb1 b2 20. Nc4 Qb3 21. Rxb2
Qxa4 22. Rxb7 O-O 23. Rxe7 Rae8 24. Rxe8 Rxe8 25. Nd6 Re7 26. Qb1 h6 27. Qb8+
Kh7 28. Qb1+ g6 29. Qe1 a5 30. Qf1 Kg8 31. Qf6 Qd1+ 32. Kf2 Qd2+ 33. Kf3 Qd1+
34. Kf2 Qd2+ 35. Kf1 Qd1+ 36. Kg2 Qxg4+ 37. Kf2 Qg5 38. Ne4 Qf5+ 39. Qxf5 gxf5
40. Nf6+ Kh8 41. e4 a4 42. exf5 exf5 43. Nd5 Ra7 44. Nb4 Rb7 45. d5 a3 46. d6
a2 47. Nxa2 Rb2+ 48. Ke3 Rxa2 49. Kf4 Rc2 50. Kxf5 Kg7 51. e6 Rf2+ 52. Ke4 fxe6
53. Ke3 Rf7 54. c4 Rd7 55. c5 Kf6 56. Ke4 Rd8 57. Kf4 e5+ 58. Ke4 Ke6 59. h3
Rc8 60. d7 Kxd7 61. Kxe5 Rxc5+ 62. Kf6 h5 63. Kg6 h4 64. Kf6 Kd6 65. Kf7 Rc3
66. Kf6 Rxh3 67. Kg5 Ke5 68. Kg4 Rh1 69. Kf3 Rg1 70. Kf2 Rg8 71. Ke3 h3 72. Kf2
h2 73. Kf1 h1=Q+ 74. Kf2 Qg2+ 75. Ke3 Rg3# 0-1